000 00519cam a2200169 4500500
005 20260329003448.0
041 _afre
042 _adc
100 1 0 _aNathan, Tobie
_eauthor
245 0 0 _aSud du Bénin et du Nigeria. Agô Daxo
260 _c2015.
500 _a85
690 _aAfrique
690 _aTobie Nathan
786 0 _nPhilosophie magazine | 94 | 11 | 2015-11-01 | p. 41-41 | 1951-1787
856 4 1 _uhttps://shs.cairn.info/magazine-philosophie-magazine-2015-11-page-41?lang=fr&redirect-ssocas=7080
999 _c1824805
_d1824805